The art of melody.

Bibliographic Details
Main Author: Edwards, Arthur C.
Format: Book
Language:English
Published: New York : Philosophical Library, [1956]
Subjects:

MARC

Tag First Indicator Second Indicator Subfields
LEADER 00000cam a2200000 4500
001 in00000030455
005 20151007061610.0
008 750521s1956 nyua 00000 eng u
010 |a  56013870  
035 |a (OCoLC)01349228 
035 |9 AAD2550AM 
040 |c ORL  |d TXA  |d UtOrBLW 
049 |a TXAM  |c [268118] 
050 0 0 |a ML3851  |b .E3 
082 0 |a *781.41 
092 |a 781.4  |b E26a 
100 1 |a Edwards, Arthur C. 
245 1 4 |a The art of melody. 
264 1 |a New York :  |b Philosophical Library,  |c [1956] 
300 |a  266 pages :  |b illustrations ;  |c 24 cm. 
336 |a text  |b txt  |2 rdacontent 
337 |a unmediated  |b n  |2 rdamedia 
338 |a volume  |b nc  |2 rdacarrier 
650 0 |a Melody. 
999 |a MARS 
999 f f |s 6758300e-df2e-3297-a42d-5822bd468151  |i 86db0dcf-83b8-3f50-98f5-d3c5f2318a8a  |t 0 
952 f f |p normal  |a Texas A&M University  |b College Station  |c Sterling C. Evans Library  |d Evans: Library Stacks  |t 0  |e ML3851 .E3  |h Library of Congress classification  |i unmediated -- volume  |m A14801169600 
998 f f |a ML3851 .E3  |t 0  |l Evans: Library Stacks